000 01155nam a22002537a 4500
005 20240530110916.0
008 220510s2008 le g 000 0 ara d
020 _a9789953880686
040 _aEG-CaGPL
_cEG-CaGPL
082 0 4 _221
_a291.1783/
_bم ر
110 1 _aمركز الدراسات والابحاث الاسلامية - المسيحية
245 0 2 _aالزواج المدنى بين الاسلام والمسيحية /
_cاعداد مركز الدراسات والابحاث الاسلامية - المسيحية ؛ اشراف محمد على الحاج العاملى ؛ تقديم احمد قبلان
250 _aط.1
260 _aبيروت :
_bشركة المطبوعات للتوزيع والنشر،
_c2008.
300 _a325 ص. ؛
_c24 سم.
650 0 7 _2qrmak
_aالكنائس
_xتاريخ
650 0 7 _2qrmak
_aالزواج العرفى
_xالاسلام
650 0 7 _2qrmak
_aالزواج العرفى
_xالمسيحية
651 _2qrmak
700 0 _a محمد على الحاج العاملى
_eمشرف
700 0 _aاحمد قبلان
_eمقدم
942 _2ddc
_cBK
999 _c66394
_d66394